Statistics for Airlines Serving the Airports of Nepal

Click here to take the quiz!

General Stats

  • This quiz has been taken 45 times
  • The average score is 19 of 36

Answer Stats

AirportsAirlines% Correct
BDP | BGL | BHP | BIR | BJU | BWA | DHI | DNP | DOP | FEB | HRJ | IMK | JMO | JUM | KEP | KTM | LDN | LUA | MEY | PKR | PPL | RUK | RUM | SIF | SKH | TPJ | VNKD | VNRR | VNTHNepal Airlines
91%
KTMAir India
85%
KTMQatar Airways
85%
KTMAir China
82%
KTMTurkish Airlines
73%
KTMChina Southern Airlines
70%
KTMThai Airways
70%
KTMChina Eastern Airlines
67%
KTMHimalaya Airlines
67%
KTMIndiGo
67%
BDP | BHR | BIR | BWA | JKR | KEP | KTM | PKR | TMIYeti Airlines
67%
BDP | BHR | BIR | BWA | DHI | JKR | KEP | KTM | PKR | RJB | SIF | SKH | TMIBuddha Air
64%
KTMCathay Dragon
61%
KTMDruk Air
61%
KTMEtihad Airways
61%
KTMMalaysia Airlines
61%
KTMBiman Bangladesh Airlines
58%
KTMflydubai
55%
KTMBhutan Airlines
48%
KTMOman Air
48%
BHP | BJU | DOP | IMK | JMO | JUM | KEP | KTM | LDN | LUA | PKR | PPL | RHP | RUM | TMI | TPJ | VNKD | VNRRTara Air
48%
KTMAir Arabia
45%
KTMKorean Air
45%
KTMTibet Airlines
42%
KTMVistara
42%
BDP | BIR | BWA | DHI | KEP | KTMSaurya Airlines
36%
KTMMalindo Air
33%
BJU | BIR | DOP | IMK | JMO | JUM | KEP | KTM | LUA | PKR | PPL | RHP | TMI | VNRRSita Air
33%
KTMSalamAir
30%
BDP | BIR | BWA | DHI | JKR | KEP | KTM | PKR | RJBShree Airlines
30%
BWA | KTM | PKRSimrik Airlines
30%
KTMSilkAir
27%
KTMJazeera Airways
24%
BJU | DOP | IMK | JMO | JUM | KEP | KTM | LUA | PKR | PPL | SKH | TMI | TPJ | VNKD | VNRRSummit Air
24%
KTMSichuan Airlines
21%
KTMThai Lion Air
21%

Score Distribution

Percentile by Number Answered

Percent of People with Each Score

Your Score History

You have not taken this quiz